Abejas Apis mellifera (Hymenoptera: Apidae): polinización según especie objetivo.

Gardado en:
Detalles Bibliográficos
Autor Principal: Estay Palacios, Patricia (editora)
Formato: Libro
Idioma:Lingua castelá
Publicado: Santiago, Chile Instituto de Investigaciones Agropecuarias 2012
Series:Boletín INIA. 235
Subjects:
Tags: Engadir etiqueta
Sen Etiquetas, Sexa o primeiro en etiquetar este rexistro!

MARC

LEADER 00000cam a2200000 a 4500
001 UCF6269
003 CL-VaPUC
005 20250421164339.0
008 130418e20120000CL |||||||||||||||||spa|d
999 |c 351542  |d 351540 
040 |c Pontificia Universidad Católica de Valparaíso 
082 0 4 |a 638.1 EST 2012  |2 21 
100 |a Estay Palacios, Patricia   |e editora  |9 568275 
245 1 0 |a Abejas Apis mellifera (Hymenoptera: Apidae): polinización según especie objetivo. 
260 0 3 |a Santiago, Chile  |b Instituto de Investigaciones Agropecuarias  |c 2012 
300 |a 164 páginas. 
490 0 |a Boletín INIA.  |v 235 
583 |a last modification  |c 20130418 10:21:00  |k Rodrigo Vera 
650 0 |a Apicultura   |9 264400 
650 0 |a Abejas (Apoidea)  |9 269522 
650 0 |a Polinización  |9 259680 
650 7 |a PRODUCCION DE MIEL  |2 CL-VaPUC  |9 393949 
650 7 |a ECONOMIA APICOLA  |2 CL-VaPUC  |9 544048 
942 |c BK  |2 ddc 
945 |d 20130418 00:00:00  |a dcastane 
952 |0 0  |1 0  |2 ddc  |4 0  |6 638_100000000000000_EST_2012  |7 0  |8 A  |9 455723  |a BIBAGR  |b BIBAGR  |d 2019-11-22  |i 496425K  |l 1  |o 638.1 EST 2012  |p 496425K  |r 2025-01-20  |s 2023-08-07  |t 1  |w 2019-11-22  |y BK  |k AGR